|
|
|
|
| LEADER |
00000ny a22000003n 4500 |
| 005 |
20110510123816.0 |
| 008 |
100413s sz 000 0 fre d |
| 035 |
|
|
|a 2076
|
| 040 |
|
|
|a BUS
|d vLex
|
| 090 |
|
|
|c 1523
|d 1523
|
| 245 |
3 |
0 |
|a Feuille Fďřale
|h [Recurso electrn̤ico]
|
| 246 |
3 |
3 |
|a DOSW
|
| 246 |
3 |
3 |
|a Feuille federale de la Confederation Suisse
|
| 256 |
|
|
|a Servicio en ln̕ea
|
| 260 |
|
|
|a Suiza :
|b [s.n.]
|
| 310 |
|
|
|a Mensual
|
| 651 |
|
4 |
|a Suiza
|x Polt̕ica y gobierno
|x Publicaciones perid̤icas
|
| 740 |
0 |
|
|a vLex Revista (Servicios en ln̕ea)
|
| 775 |
0 |
|
|t Foglio Federale.
|b Ed. en italiano
|
| 843 |
|
|
|a Electrn̤ica. Abierta
|
| 853 |
|
|
|8 1
|i (year)
|j (month)
|k (day)
|
| 856 |
4 |
0 |
|z Acceso restringido
|u http://vlex.com/source/feuille-federale-2076/section/01
|
| 942 |
|
|
|c REV
|
| 999 |
|
|
|a Foreign official gazettes.
|
| 999 |
|
|
|a Switzerland--Official gazette.
|
| 999 |
|
|
|a Switzerland--Politics and government--Periodicals.
|